Sobre arte y cultura
Tallennettuna:
| Päätekijä: | |
|---|---|
| Aineistotyyppi: | Kirja |
| Kieli: | espanja |
| Julkaistu: |
Madrid
Alianza
1974
|
| Painos: | 2a. ed |
| Sarja: | El Libro de Bolsillo. Sección de Humanidades, 326
|
| Aiheet: | |
| Tagit: |
Lisää tagi
Ei tageja, Lisää ensimmäinen tagi!
|
MARC
| LEADER | 00000nam a2200000 a 4500 | ||
|---|---|---|---|
| 001 | UCX7355 | ||
| 003 | CL-VaPUC | ||
| 008 | 931206e19740000SP |||||||||||||||||spa|d | ||
| 082 | 0 | 4 | |a 701 |b TRO |2 21 |
| 100 | 0 | |a Trotski, León |e author |9 267768 | |
| 245 | 1 | 0 | |a Sobre arte y cultura |
| 250 | |a 2a. ed | ||
| 300 | |a 215 p | ||
| 942 | |c BK | ||
| 945 | |d 19931206 00:00:00 |a mfernand | ||
| 260 | |a Madrid |b Alianza |c 1974 | ||
| 650 | 0 | |a Arte y literatura |9 317119 | |
| 583 | |a last modification |c 20150625 09:49:45 |k Rodrigo Vera | ||
| 490 | 0 | |a El Libro de Bolsillo. Sección de Humanidades, 326 | |
| 999 | |c 227191 |d 227189 | ||
| 952 | |0 0 |1 0 |4 0 |6 701_000000000000000_TRO_1974 |7 0 |8 P |9 226048 |a BIBARQ |b BIBARQ |d 2019-11-15 |i 2952009 |o 701 TRO 1974 |p 2952009 |r 2025-01-20 |w 2019-11-15 |y BK |k ARQ | ||